Statistics for Top 5 Most and Least populated US States 2014

Click here to take the quiz!

General Stats

  • This quiz has been taken 14 times
  • The average score is 8 of 10

Answer Stats

PopulationState% Correct
38,041,430California
100%
19,570,261New York
100%
582,658Wyoming
100%
19,317,568Florida
92%
26,059,203Texas
92%
12,875,255Illinois
83%
626,630Vermont
75%
735,132Alaska
67%
723,393North Dakota
67%
844,877South Dakota
67%

Score Distribution

Percentile by Number Answered

Percent of People with Each Score

Your Score History

You have not taken this quiz